[Event "Arad op 15th"]
[Site "Arad"]
[Date "2022.08.11"]
[Round "6"]
[White "Dinca, Ovidiu"]
[Black "Ionescu, Irina"]
[Result "0-1"]
[WhiteElo "1831"]
[BlackElo "2125"]
[PlyCount "126"]
[EventDate "2022.08.08"]
[EventType "swiss"]
[EventRounds "9"]
[EventCountry "ROU"]
[SourceTitle "CBM 209 Extra"]
[Source "ChessBase"]
[SourceDate "2022.09.30"]
[SourceVersion "1"]
[SourceVersionDate "2022.09.30"]
[SourceQuality "1"]

1. e4 d5 2. exd5 Qxd5 3. Nf3 Bg4 4. Be2 Nc6 5. 0-0 0-0-0 6. h3 Bh5 7. Nc3 Qd7 8. d3 Nf6 9. Be3 e5 10. a3 h6 11. b4 g5 12. b5 Bxf3 13. Bxf3 Nd4 14. Bxd4 exd4 15. Ne4 Nxe4 16. dxe4 Kb8 17. Qe2 Bg7 18. Rab1 Rhe8 19. Qc4 Re5 20. a4 Qe7 21. a5 Rc5 22. Qb4 Qe5 23. b6 cxb6 24. axb6 a6 25. Qb3 Qe6 26. Qa4 Qc4 27. Qa3 Bf8 28. Qa1 Bd6 29. Rfd1 Be5 30. Qa3 Rdc8 31. Bg4 R8c6 32. Rb2 Qc3 33. Qa2 Qc4 34. Qa3 Qc3 35. Qa2 Rf6 36. Qb1 Rcc6 37. Rd3 Qc5 38. Bf5 Rxb6 39. Rdb3 Bc7 40. g3 Ka7 41. Kg2 Rxb3 42. cxb3 Rb6 43. Qd1 Be5 44. Rb1 Qc3 45. Bg4 d3 46. Bh5 Bd4 47. Bf3 Qc2 48. Qf1 Rxb3 49. Rxb3 Qxb3 50. Qe1 f6 51. h4 Qc2 52. h5 d2 53. Qe2 a5 54. e5 fxe5 55. Qb5 Qc7 56. Qd3 Bc3 57. Qe3+ Kb8 58. Qd3 a4 59. Qb5 a3 60. Qb3 g4 61. Be4 Bd4 62. Bc2 Qc6+ 63. Kg1 Qf3 0-1

[Event "Arad op-A 14th"]
[Site "Arad"]
[Date "2021.08.03"]
[Round "6"]
[White "Dinca, Ovidiu"]
[Black "Aciu, Malina Andreea"]
[Result "1/2-1/2"]
[WhiteElo "1800"]
[BlackElo "2079"]
[PlyCount "56"]
[EventDate "2021.07.30"]
[EventType "swiss"]
[EventRounds "9"]
[EventCountry "ROU"]
[SourceTitle "CBM 203 Extra"]
[Source "ChessBase"]
[SourceDate "2021.09.30"]
[SourceVersion "1"]
[SourceVersionDate "2021.09.30"]
[SourceQuality "1"]

1. Nf3 Nf6 2. d4 d5 3. e3 e6 4. Bd3 Bd6 5. b3 0-0 6. Bb2 b6 7. Nbd2 Bb7 8. 0-0 Nbd7 9. Ne5 c5 10. Qf3 Qc7 11. Nxd7 Nxd7 12. Qh3 f5 13. f4 Nf6 14. c3 Rae8 15. Nf3 c4 16. Bc2 a5 17. a3 cxb3 18. Bxb3 Ba6 19. Rfc1 Ne4 20. Qh4 Rc8 21. Bc2 Rf6 22. Bxe4 fxe4 23. Ne5 a4 24. g4 Bxe5 25. dxe5 Rg6 26. c4 Bxc4 27. Bd4 b5 28. h3 Qd7 1/2-1/2

[Event "Arad op-A 14th"]
[Site "Arad"]
[Date "2021.07.31"]
[Round "3"]
[White "Dinca, Ovidiu"]
[Black "Ursan, Petru Sebastian"]
[Result "1/2-1/2"]
[WhiteElo "1800"]
[BlackElo "2225"]
[PlyCount "144"]
[EventDate "2021.07.30"]
[EventType "swiss"]
[EventRounds "9"]
[EventCountry "ROU"]
[SourceTitle "CBM 203 Extra"]
[Source "ChessBase"]
[SourceDate "2021.09.30"]
[SourceVersion "1"]
[SourceVersionDate "2021.09.30"]
[SourceQuality "1"]

1. d4 g6 2. Nf3 Bg7 3. Bg5 c5 4. c3 cxd4 5. cxd4 Qb6 6. Qc2 Nc6 7. e3 d6 8. Nc3 Bf5 9. Qd2 h6 10. Bh4 g5 11. Bg3 Nf6 12. Be2 0-0 13. 0-0 Rfc8 14. Rac1 Na5 15. Na4 Qd8 16. Rxc8 Rxc8 17. Rc1 Ne4 18. Rxc8 Bxc8 19. Qc2 Nxg3 20. hxg3 e5 21. dxe5 dxe5 22. Bd3 Nc6 23. Be4 Qd6 24. Nc3 Be6 25. Bh7+ Kh8 26. Bf5 Nb4 27. Qe4 Nc6 28. Bxe6 Qxe6 29. g4 Kg8 30. Kh2 Qd6 31. g3 Qb4 32. Qxb4 Nxb4 33. Ne1 e4 34. Nxe4 Bxb2 35. a4 b6 36. Nd6 Bc3 37. Ng2 Nd3 38. Nc8 Nxf2 39. Nxa7 Nxg4+ 40. Kg1 Bb4 41. Kf1 Bc5 42. Ke2 Nf6 43. Kd3 Nh5 44. Kc4 Nxg3 45. a5 Ne4 46. a6 Nd6+ 47. Kd5 h5 48. Nc6 Nc8 49. Ke4 h4 50. Kf3 f5 51. Ne1 g4+ 52. Kf2 f4 53. Nc2 h3 54. N2d4 fxe3+ 55. Kf1 g3 56. Ne2 g2+ 57. Kg1 b5 58. Kh2 b4 59. Na5 Bb6 60. Nc4 Ba7 61. Kxh3 Nb6 62. Nb2 g1Q 63. Nxg1 Nd5 64. Kg3 Nc3 65. Kf3 Kf7 66. Ne2 Nd5 67. Ke4 Ke6 68. Kd3 Kd6 69. Kc4 Kc6 70. Nd3 b3 71. Kxb3 Kb5 72. Nc3+ Nxc3 1/2-1/2

[Event "Arad op-A 14th"]
[Site "Arad"]
[Date "2021.07.31"]
[Round "2"]
[White "Stepanencu, Nicodim Cosmin"]
[Black "Dinca, Ovidiu"]
[Result "1/2-1/2"]
[WhiteElo "2226"]
[BlackElo "1800"]
[PlyCount "163"]
[EventDate "2021.07.30"]
[EventType "swiss"]
[EventRounds "9"]
[EventCountry "ROU"]
[SourceTitle "CBM 203 Extra"]
[Source "ChessBase"]
[SourceDate "2021.09.30"]
[SourceVersion "1"]
[SourceVersionDate "2021.09.30"]
[SourceQuality "1"]

1. e4 e5 2. Nf3 Nf6 3. Nxe5 d6 4. Nf3 Nxe4 5. d4 d5 6. Bd3 Bd6 7. 0-0 0-0 8. c4 c6 9. Nc3 Nxc3 10. bxc3 dxc4 11. Bxc4 Bf5 12. a4 Nd7 13. a5 b5 14. axb6 axb6 15. Rxa8 Qxa8 16. Nh4 Be6 17. Bxe6 fxe6 18. Qb3 Re8 19. Re1 Kf7 20. f4 Qb8 21. Nf3 Bxf4 22. Bxf4 Qxf4 23. Ne5+ Nxe5 24. Rf1 Qxf1+ 25. Kxf1 Nd7 26. Qa4 Rc8 27. Qa6 Rb8 28. Qd3 Nf6 29. Qc4 c5 30. dxc5 bxc5 31. Qxc5 Rb1+ 32. Ke2 Rb2+ 33. Kf3 Nd5 34. c4 Nf6 35. g4 h6 36. h4 Rb7 37. g5 hxg5 38. hxg5 Nd7 39. Qd6 Rb3+ 40. Kg4 Rd3 41. Qf4+ Ke7 42. Kh5 e5 43. Qe4 Rd6 44. Qa8 g6+ 45. Kh6 Re6 46. Qa3+ Ke8 47. c5 Kd8 48. Qa5+ Kc8 49. Kg7 Rc6 50. Qa8+ Kc7 51. Qa7+ Kc8 52. Qa4 Kc7 53. Qe4 Nxc5 54. Qxe5+ Kb6 55. Kf7 Kb5 56. Ke7 Rb6 57. Qd5 Rc6 58. Kd8 Rb6 59. Kc7 Rb7+ 60. Kd8 Rb8+ 61. Ke7 Rb6 62. Qd4 Re6+ 63. Kd8 Rb6 64. Qb2+ Kc6 65. Qc2 Kb5 66. Qe2+ Kc6 67. Qc4 Kd6 68. Ke8 Ne6 69. Qd3+ Kc5 70. Ke7 Nd4 71. Qe4 Rc6 72. Qe5+ Kc4 73. Kd7 Kd3 74. Qe1 Kc4 75. Ke7 Kd3 76. Kf7 Kc4 77. Qe4 Kc3 78. Qxc6+ Nxc6 79. Kxg6 Kd4 80. Kf6 Ne5 81. g6 Nxg6 82. Kxg6 1/2-1/2

[Event "Bicaz City Cup"]
[Site "Bicaz"]
[Date "2020.03.08"]
[Round "7"]
[White "Dinca, Ovidiu"]
[Black "Filip, Andrei"]
[Result "1-0"]
[WhiteElo "1854"]
[BlackElo "2103"]
[PlyCount "121"]
[EventDate "2020.03.05"]
[EventType "swiss"]
[EventRounds "7"]
[EventCountry "ROU"]
[SourceTitle "CBM 195 Extra"]
[Source "ChessBase"]
[SourceDate "2020.05.31"]
[SourceVersion "1"]
[SourceVersionDate "2020.05.31"]
[SourceQuality "1"]

1. d4 Nf6 2. Nf3 e6 3. Bf4 d5 4. e3 Bd6 5. Bg3 c5 6. c3 Qc7 7. Nbd2 Nbd7 8. Bd3 0-0 9. 0-0 e5 10. dxe5 Nxe5 11. Nxe5 Bxe5 12. Bxe5 Qxe5 13. Qf3 Bg4 14. Qg3 Qh5 15. Rfe1 Rad8 16. f3 Bf5 17. Bxf5 Qxf5 18. Nf1 Rd7 19. Rad1 Re8 20. Rd2 Rde7 21. Red1 h6 22. a3 Re5 23. h3 Qe6 24. Kh1 b5 25. Qf2 Qb6 26. Qh4 a5 27. b3 c4 28. b4 axb4 29. axb4 Ra8 30. Qf4 Re7 31. g4 Ra3 32. Rc1 Qa6 33. h4 Ra1 34. Rcd1 Rxd1 35. Rxd1 Qa2 36. Qh2 Qb3 37. Qd2 Ra7 38. Qd4 Ra2 39. Rd2 Ra1 40. Kg2 Qb1 41. Rf2 Qe1 42. Qd2 Qxd2 43. Rxd2 g5 44. hxg5 hxg5 45. Ng3 Rc1 46. Ne2 Re1 47. Kf2 Rh1 48. Nd4 Rh2+ 49. Ke1 Rh1+ 50. Ke2 Nd7 51. Nxb5 Ne5 52. Rxd5 Rh2+ 53. Kd1 Nxf3 54. Rf5 Rd2+ 55. Kc1 Rf2 56. Nd4 Rf1+ 57. Kb2 Nd2 58. Rxf1 Nxf1 59. b5 Nxe3 60. b6 Nd1+ 61. Kc1 1-0

[Event "Satu Mare Szabo Memorial"]
[Site "Satu Mare"]
[Date "2019.08.02"]
[Round "1"]
[White "Ionescu, Mihai"]
[Black "Dinca, Ovidiu"]
[Result "1-0"]
[WhiteElo "2285"]
[BlackElo "1851"]
[PlyCount "173"]
[EventDate "2019.08.02"]
[EventType "swiss"]
[EventRounds "9"]
[EventCountry "ROU"]
[SourceTitle "CBM 191 Extra"]
[Source "ChessBase"]
[SourceDate "2019.09.30"]
[SourceVersion "1"]
[SourceVersionDate "2019.09.30"]
[SourceQuality "1"]

1. Nf3 f5 2. d4 Nf6 3. g3 e6 4. Bg2 Be7 5. 0-0 0-0 6. b3 d6 7. Bb2 Qe8 8. Nbd2 Qh5 9. c4 Nbd7 10. Qc2 c5 11. e4 fxe4 12. Nxe4 Nxe4 13. Qxe4 Nf6 14. Qe2 cxd4 15. Nxd4 Qxe2 16. Nxe2 Rb8 17. Rad1 Rd8 18. Rd2 Bd7 19. Rfd1 Ne8 20. Nd4 Bf6 21. Re2 e5 22. Bd5+ Kf8 23. Ne6+ Bxe6 24. Bxe6 b5 25. cxb5 Rxb5 26. Bc4 Rbb8 27. Ba3 Be7 28. Red2 g6 29. Rd5 Rb7 30. Ra5 Kg7 31. Bd5 Rc7 32. Bc1 Nf6 33. Be3 Nxd5 34. Rdxd5 Rdd7 35. Ra6 Kf7 36. Kg2 h5 37. Kf3 Rb7 38. Ke4 Rb4+ 39. Kd3 Rbb7 40. f3 Ke6 41. Rda5 Bd8 42. Ra4 Bb6 43. Bxb6 axb6 44. Rb4 b5 45. Ra5 Rf7 46. f4 exf4 47. gxf4 Rf5 48. h4 Rbf7 49. Ke3 Rc5 50. Raxb5 Rc3+ 51. Ke2 Rc2+ 52. Ke3 Rxa2 53. Re4+ Kf6 54. Rd5 Ra6 55. b4 Rc7 56. b5 Ra3+ 57. Rd3 Rxd3+ 58. Kxd3 Rb7 59. Rb4 Ke6 60. Kd4 Rb6 61. Kc4 Rb8 62. b6 Kd7 63. Kd5 Rb7 64. Rb3 Rb8 65. b7 Kc7 66. Re3 Rf8 67. Rb3 Kb8 68. Rb4 Rf6 69. Kc6 Re6 70. Kd7 Re1 71. Kxd6 Rh1 72. f5 gxf5 73. Ke5 Rf1 74. Kf6 f4 75. Kg5 f3 76. Kxh5 f2 77. Rb2 Rg1 78. Rxf2 Kxb7 79. Rc2 Kb6 80. Kh6 Kb5 81. h5 Kb4 82. Kh7 Kb3 83. Rc8 Kb4 84. h6 Kb5 85. Kh8 Kb6 86. h7 Kb7 87. Rg8 1-0

[Event "ROM-ch"]
[Site "Olanesti"]
[Date "2018.05.15"]
[Round "2"]
[White "Dinca, Ovidiu"]
[Black "Szabo, Gergely Andras"]
[Result "0-1"]
[WhiteElo "1863"]
[BlackElo "2541"]
[PlyCount "106"]
[EventDate "2018.05.14"]
[EventType "swiss"]
[EventRounds "9"]
[EventCountry "ROU"]
[SourceTitle "CBM 184 Extra"]
[Source "ChessBase"]
[SourceDate "2018.06.28"]
[SourceVersion "1"]
[SourceVersionDate "2018.06.28"]
[SourceQuality "1"]

1. d4 e6 2. Nf3 c5 3. c3 Nf6 4. Bf4 cxd4 5. cxd4 Qb6 6. Qb3 Qxb3 7. axb3 Nc6 8. Nc3 Bb4 9. Bd2 d6 10. e3 0-0 11. Be2 e5 12. dxe5 dxe5 13. Bb5 Bd7 14. 0-0 Bd6 15. Ng5 a6 16. Nge4 Bb4 17. Nxf6+ gxf6 18. Be2 Be6 19. Bc4 Rfd8 20. Rfd1 f5 21. Be1 Kg7 22. Kf1 Na5 23. Bxe6 fxe6 24. Rxd8 Rxd8 25. Ra4 Nc6 26. Ke2 Kf7 27. Ra1 e4 28. f3 exf3+ 29. gxf3 Bd6 30. Bg3 f4 31. Bf2 fxe3 32. Bxe3 Be5 33. f4 Bc7 34. Ne4 Nd4+ 35. Kf2 Nxb3 36. Ng5+ Ke7 37. Ra3 Nd4 38. Nxh7 Nf5 39. Bc5+ Bd6 40. Bxd6+ Rxd6 41. Rb3 b5 42. Ng5 Rd2+ 43. Kg1 Nd4 44. Ra3 Rxb2 45. Rxa6 b4 46. Ne4 b3 47. Ra7+ Kd8 48. Rb7 Rc2 49. Nf2 b2 50. Nd1 Nf3+ 51. Kf1 Nxh2+ 52. Ke1 Nf3+ 53. Kf1 b1Q 0-1

[Event "World Amateur-ch"]
[Site "Iasi"]
[Date "2013.04.22"]
[Round "1"]
[White "Dinca, Ovidiu"]
[Black "Rusu, Vasile"]
[Result "1-0"]
[WhiteElo "1976"]
[BlackElo "1758"]
[PlyCount "115"]
[EventDate "2013.04.22"]
[EventType "swiss"]
[EventRounds "9"]
[EventCountry "ROU"]
[SourceTitle "CBM 154 Extra"]
[Source "ChessBase"]
[SourceDate "2013.06.25"]
[SourceVersion "2"]
[SourceVersionDate "2013.06.25"]
[SourceQuality "1"]

1. d4 d5 2. Nf3 Nf6 3. c4 c6 4. Nc3 Qc7 5. cxd5 cxd5 6. g3 e6 7. Bg2 Be7 8. 0-0 0-0 9. Bf4 Qb6 10. b3 Na6 11. Ne5 Ba3 12. e3 Nd7 13. Nd3 Nb4 14. Nxb4 Bxb4 15. Rc1 Bd6 16. Bxd6 Qxd6 17. f4 Nf6 18. g4 g6 19. g5 Nh5 20. Rf3 f6 21. gxf6 Rxf6 22. Qe1 Bd7 23. Qh4 Rc8 24. Ne2 Rxc1+ 25. Nxc1 Bb5 26. Qe1 b6 27. a4 Ba6 28. Bf1 Bxf1 29. Rxf1 Rf7 30. Nd3 Rc7 31. Ne5 Qe7 32. Kh1 Nf6 33. Rg1 Ne4 34. Qe2 Qh4 35. Nf3 Qh5 36. h4 Rc1 37. Qg2 Rc3 38. Re1 Rxb3 39. Kh2 Ra3 40. Kh3 Rxa4 41. Rc1 Ra3 42. Rc8+ Kg7 43. Rc7+ Kf8 44. Qc2 Nc3 45. Qg2 Nb5 46. Rc8+ Ke7 47. Qf2 Kd7 48. Rh8 Nc3 49. Ne5+ Kc7 50. Qc2 Qf5+ 51. Qxf5 gxf5 52. Rxh7+ Kd8 53. Ng6 Ne2 54. h5 Rxe3+ 55. Kg2 a5 56. Rg7 Rc3 57. h6 Nxd4 58. h7 1-0